Statistics for The Seven Deadly Sins Ultimate Character Quiz

Click here to take the quiz!

General Stats

  • This quiz has been taken 129 times
  • The average score is 41 of 175

Answer Stats

HintAnswer% Correct
The Main CharacterMeliodas
100%
Immortal, in love with a FaerieBan
98%
King of the FaeriesKing Harlequin
98%
Queen of the Giant RaceDiane
95%
Is weak by night and strong by dayEscanor
95%
Cursed, in love with the Main CharacterElizabeth
94%
The Daughter of BelialuinMerlin
93%
A living doll created by a DemonGowther
90%
Brother of the Main CharacterZeldris
88%
Masked assassin defeated by ElaineEstaro
83%
King of CamelotArthur Pendragon
80%
Sister of the Faerie KingElaine
79%
Ruler of the Demon RaceThe Demon King
77%
Thinks he's a Demon but is actually a GoddessEstarossa
75%
Talking PigHawk
73%
Cursed Holy Knight, dating the above^Gilthunder
72%
Most powerful of the Four ArchangelsMael
70%
King of LionesBartra
67%
Former Faerie KingGloxinia
64%
Turned himself into a Gray DemonSir Hendrickson
64%
Ruler of the Goddess RaceThe Supreme Diety
64%
Turned himself to stoneGaland
62%
Created the Goddess and Demon RacesChaos
60%
Pink-haired form of ElizabethLiz
59%
Leader of the Four ArchangelsLudociel
59%
First Princess of LionesVeronica
59%
Giant with blue skinDrole
58%
Creates a Cocoon of DarknessMelascula
57%
Vampire, dating the above^Gelda
56%
Current GrandmasterGrandmaster Howzer
53%
Second Princess of LionesMargaret
53%
Was possessed by one of the Ten CommandmentsSir Dreyfus
52%
Archangel whose Grace is OceanTarmiel
52%
Commandment of Purity, killed by EstarossaDerieri
51%
One of the Ten Commandments, stand-in for GowtherFraudrin
51%
Holy Knight Apprentice, in love with BanJericho
51%
Demon who Hendrickson turns intoGray Demons
49%
Can switch places with any objectMonspeet
49%
Archangel whose Grace is TornadoSariel
48%
Giant Warrior who trained DianeMatrona
47%
New Prince of LionesTristan
47%
Reincarnated Black Hound of the Faerie KingOslo
44%
Traveled to the Capital of the DeadGuila
43%
Holy Knight that vowed to protect the above^^^Griamore
42%
Best friend of the Faerie KingHelbram
42%
Former GrandmasterGrandmaster Zaratras
41%
The Pacifier DemonChandler
40%
One of the Ten Commandments, has multiple facesGrayroad
40%
Mother of the talking pigHawk's Mom
32%
Mage obsessed with GilVivian
32%
Giant cat who tried to devour ChaosCath
30%
Deceased Princess of LionesNadja
30%
Sister of the First Faerie KingGerheade
26%
Younger brother of GuilaZeal
25%
Spirit Spear of the Faerie KingChastiefol
23%
The Napping ReaperCusack
23%
Goddess who guarded Stigma 3,000 years agoNerobasta
21%
Green-haired member of the Pleiades of the Azure SkyDeldry
20%
Lover of the first Faerie King's sisterRou
20%
Leader of the Pleiades of the Azure SkySir Denzel
20%
Big purple pigWild
20%
Other Leader of the DruidsZaneri
20%
Beast-man from Aberdeen PrisonZhivago
20%
First Spirit SpearBasquias
19%
A Demon sacrifices six of their hearts to become thisIndura
19%
Leader of the DruidsJenna
19%
Platinum level member of the Pleiades of the Azure SkySir Deathpierce
19%
Leader of the Roars of DawnSlader
19%
Brother of the above^Mild
17%
Lowest ranking DemonRed Demons
17%
Weird Fang with vines on his faceJude
16%
Emerald rank Roar of DawnSimon
15%
The first DemonThe Original Demon
15%
Weird Fang that can turn invisibleGolgius
14%
Put a bug in the Vanya Ale of a Holy KnightMead
14%
Has scars from where he lost his wingsNanashi
14%
Weird Fang who possesses Diane and MeliodasRuin
14%
Brother of the above^^Gustaf
12%
First Holy Knight Apprentice to fight MeliodasSir Twigo
12%
Brother of the above^Arden
11%
Leader of the Six Knights of BlackBellion
11%
Former Commandment of Piety, killed by MeliodasCalmadios
11%
The second Faerie KingDahlia
11%
Arrogant, his identity is stolen by GrayroadDogedo
11%
Female member of the Six Knights of BlackGalla
11%
Holy Knight Apprentice of the Beard of the Mountain CatsAlioni
10%
Bird-like DemonBlue Demons
10%
First to tell Elizabeth about LizCain Barzad
10%
Female Roar of DawnJillian
10%
Ruby rank Weird FangFriesia
9%
Leader of the Attack on VaizelMarmas
9%
The bandit who competes in the Vaizel fighting festivalTaizoo
9%
Druid PriestTheo
9%
Platinum Pleiade, shortWaillo
9%
Former Commandment of Repose, killed by MeliodasAranak
7%
Metallic DemonCopper Demons
7%
Woman who saved Escanor's lifeRosa
7%
Brother of the above^Sol
7%
Former Commandment of PatienceZeno
7%
First of the New Generation to transformDale
6%
Doctor whose daughter is kidnappedDana
6%
Giant Clan master craftsmanDubs
6%
Girl who smacks Ban with a broomEllen
6%
Sapphire rank Roar of DawnHugo
6%
Human who entered PurgatoryMerlin's father
6%
Son of a werefoxSelion
6%
Talking parrotWandle
6%
Machine of destruction invented by the DemonsAlbion
5%
Holy Knight who murdered Helbram the first timeAldrich
5%
Pink-haired FaerieEnde
5%
Faerie that can disappearInvisible
5%
Boy who roleplays the Seven Deadly SinsPelliot
5%
Demon who refers to battle as a festivalPump
5%
Child-like Faerie messengerPuora
5%
Sister of DerieriRajine
5%
Emotionless VampireRen
5%
Daughter of the above^Sennett
5%
Host of one of the Four ArchangelsSolaseed
5%
Ruby rank Roar of DawnWeinheidt
5%
Wife of the former Holy Knight GrandmasterAnna
4%
The Priest of DestructionArbus
4%
Half red, half white DemonAtollah
4%
Leader of the Northern BarbariansBarbarian Chief
4%
Beastman Goddess | Guardian deity of her namesakeCamila
4%
Demon with no headDahaaka
4%
Adopted daughter of the GiantDella
4%
Demon who looks like a lionDerocchio
4%
Brother of the above^Jigumo
4%
Sibling of the above^Luigi
4%
Teddy bear looking DemonOrange Demons
4%
Merlin's eyeOrlondi
4%
Demon eaten by a catPeronia
4%
Village girl who protects Derieri and MonspeetAnnie
2%
Dog that can teleport anything it eatsBlack Hounds
2%
King Trumpet-type mushroom creatureChicken-Matango
2%
Demon who controlled Princess MargaretChimera
2%
Scaly creature from the Druid training groundsClay Dragons
2%
Escanor's older brotherDaymond
2%
Giant who died on patrolDolores
2%
Warrior Chief of the Western Giant ClanDumbelbas
2%
AuthorityEastin Amabyllis
2%
Paired with Slader during the fight festivalHaifan
2%
King of the VampiresIzraf
2%
Older brother of the above^Kaide
2%
The Great Demon BeastKraken
2%
Desire | Former Apprentice of MerlinLilia
2%
Brother of the above^^Mod
2%
Wererbere warrior from Porto CityMono
2%
Demon with tentaclesOchre Demons
2%
Father of the current Holy Knight GrandmasterRaizer
2%
Warrior slave known for losing control of her magicRoxy
2%
Flying sea creatureSky Manta
2%
Brother of the above^^Torah
2%
Red dragonTyrant Dragon
2%
Demon with a purple tongueWhite Demons
2%
Human married to a GiantZalpa
2%
Skeleton used by the Druids of Istar for trainingAnaon
1%
Guarded the checkpoint tot he Capital of the DeadAndre
1%
Former Queen of LionesCaroline Liones
1%
Messenger to the Vampire ClanDoni
1%
Bulls that guard the Great CrossDusk Bisons
1%
Crocodile-like nuisancesEarth Crawlers
1%
Vampire royaltyGanne
1%
Holy Knight that brought down a GiantGannon
1%
Bug-like DemonGreen Demons
1%
Worked with the above^Hansen
1%
Creatures that can take on other formsHide-and-Seeks
1%
Brother of the King of CamelotKay
1%
First of the New GenerationMuramo
1%
First victim of the New GenerationParada
1%
Attempted to apprehend EscanorRuiz
1%
Invader of the Timespace JunctionShin
1%
ObsessionValenty
1%

Score Distribution

Percentile by Number Answered

Percent of People with Each Score

Your Score History

You have not taken this quiz